Směnitelnost socialistických měn Nezbytná perspektiva

Guardado en:
Detalles Bibliográficos
Autor principal: Horčicová, Milena
Formato: Libro
Lenguaje:checo
Publicado: Praha Horizont 1989
Edición:1. vyd.
Etiquetas: Agregar Etiqueta
Sin Etiquetas, Sea el primero en etiquetar este registro!

MARC

LEADER 00000nam a2200000 4500
001 c028150
005 20221215120714.0
041 0 |a cze 
044 |a CZ 
245 1 0 |a Směnitelnost socialistických měn  |b Nezbytná perspektiva  |c Milena Horčicová 
250 |a 1. vyd. 
264 1 |a Praha  |b Horizont  |c 1989 
300 |a 34 s. 
100 1 |a Horčicová, Milena